000
00248nam a2200097Ia 4500
001
1178020
005
20250827012738.0
008
250824s9999 xx 000 0 und d
245
0
_a
EVE DÖNÜŞ YOLU
_c
CORRİNNE AVERİSS
260
_b
KETEBE YAYINLARI
999
_c
1178020
_d
1178020